|
|
|
|
| LEADER |
03611nam a2200529 4500 |
| 001 |
978-3-319-75079-8 |
| 003 |
DE-He213 |
| 005 |
20191022112554.0 |
| 007 |
cr nn 008mamaa |
| 008 |
180315s2018 gw | s |||| 0|eng d |
| 020 |
|
|
|a 9783319750798
|9 978-3-319-75079-8
|
| 024 |
7 |
|
|a 10.1007/978-3-319-75079-8
|2 doi
|
| 040 |
|
|
|d GrThAP
|
| 050 |
|
4 |
|a GN643-661
|
| 072 |
|
7 |
|a JFC
|2 bicssc
|
| 072 |
|
7 |
|a SOC000000
|2 bisacsh
|
| 072 |
|
7 |
|a JBCC
|2 thema
|
| 082 |
0 |
4 |
|a 306.096
|2 23
|
| 100 |
1 |
|
|a Na'Allah, Abdul-Rasheed.
|e author.
|4 aut
|4 http://id.loc.gov/vocabulary/relators/aut
|
| 245 |
1 |
0 |
|a Globalization, Oral Performance, and African Traditional Poetry
|h [electronic resource] /
|c by Abdul-Rasheed Na'Allah.
|
| 250 |
|
|
|a 1st ed. 2018.
|
| 264 |
|
1 |
|a Cham :
|b Springer International Publishing :
|b Imprint: Palgrave Pivot,
|c 2018.
|
| 300 |
|
|
|a XIII, 100 p. 2 illus.
|b online resource.
|
| 336 |
|
|
|a text
|b txt
|2 rdacontent
|
| 337 |
|
|
|a computer
|b c
|2 rdamedia
|
| 338 |
|
|
|a online resource
|b cr
|2 rdacarrier
|
| 347 |
|
|
|a text file
|b PDF
|2 rda
|
| 505 |
0 |
|
|a 1. African Art and the Crisis of Poverty and Social Divisions in a Global Era -- 2. Criticism of African Art and Literature -- 3. Ilorin Traditional Oral Art in the Context of Bourgeois Aesthetics -- 4. A Pact between the Writer and the Oral Performer -- 5. Conclusion.
|
| 520 |
|
|
|a This book discusses globalization trends and influences on traditional African oral literary performance and the direction that Ilorin oral art is forced to take by the changes of the twenty-first century electronic age. It seeks a new definition of contemporary African bourgeois in terms of their global reach, imitation of foreign forms, and collaboration with the owners of primary agencies. Additionally, it makes a case that African global lords or new bourgeoisie who are largely products of the new global capital and multinational corporations' socio-political and cultural influences fashion their tastes after Western cultures as portrayed in the digital realm. Abdul-Rasheed Na'Allah is Vice-Chancellor, Chief Executive Officer, and Professor of English and Comparative Literature at Kwara State University, Nigeria. He is co-author of Introduction to African Oral Literature and Performance (2005), and author of Africanity, Islamicity and Performativity: Identity in the House of Ilorin (2009), African Discourse in Islam, Oral Traditions, and Performance (2010), and Cultural Globalization And Plurality: Africa and the New World (2011).
|
| 650 |
|
0 |
|a Ethnology-Africa.
|
| 650 |
|
0 |
|a Africa-Politics and government.
|
| 650 |
|
0 |
|a Communication.
|
| 650 |
|
0 |
|a African literature.
|
| 650 |
|
0 |
|a African languages.
|
| 650 |
1 |
4 |
|a African Culture.
|0 http://scigraph.springernature.com/things/product-market-codes/411030
|
| 650 |
2 |
4 |
|a African Politics.
|0 http://scigraph.springernature.com/things/product-market-codes/911090
|
| 650 |
2 |
4 |
|a Development Communication.
|0 http://scigraph.springernature.com/things/product-market-codes/412060
|
| 650 |
2 |
4 |
|a African Literature.
|0 http://scigraph.springernature.com/things/product-market-codes/829000
|
| 650 |
2 |
4 |
|a African Languages.
|0 http://scigraph.springernature.com/things/product-market-codes/N11000
|
| 710 |
2 |
|
|a SpringerLink (Online service)
|
| 773 |
0 |
|
|t Springer eBooks
|
| 776 |
0 |
8 |
|i Printed edition:
|z 9783319750781
|
| 776 |
0 |
8 |
|i Printed edition:
|z 9783319750804
|
| 776 |
0 |
8 |
|i Printed edition:
|z 9783030091439
|
| 856 |
4 |
0 |
|u https://doi.org/10.1007/978-3-319-75079-8
|z Full Text via HEAL-Link
|
| 912 |
|
|
|a ZDB-2-LCM
|
| 950 |
|
|
|a Literature, Cultural and Media Studies (Springer-41173)
|